000 01089nam a22002897a 4500
005 20251108173439.0
008 250721s2005 xx 000 0 ara d
082 1 4 _a342.565.85/ مسا
100 1 _aالمساعيد، صالح
245 1 0 _aدراسات أردنية في حقوق الإنسان /
264 1 _aإربد :
_bمركز عمان لدراسات حقوق الإنسان،
_c2005.
300 _a307ص.
500 _aالكتاب عبارة عن قسمين قسم باللغة العربية و الاخر باللغة الانجليزية
500 _aطبع هذا الكتاب بدعم من السفارة الهولندية في عمان
650 1 7 _aحقوق الانسان
650 1 7 _aالخدمة المدنية
650 1 7 _aحرية الرأي
650 1 7 _aقانون العمل
650 1 7 _aالتنمية السياسية
650 1 7 _aالدراسات
650 1 7 _aالأردن
700 1 _aالردايدة، إسلام
700 1 _aحماد، مجد
700 1 _aعساف، نظام
_eEd.
942 _2ddc
_cBK
999 _c104105
_d104105